Loading...
| History - European History | 0 | 3 | 0 | 0 | 30 | 57 | 91.00 | 1 | 1 |
| Religion | 0 | 3 | 0 | 1 | 30 | 70 | 112.67 | 0 | 1 |
| Mythology | 0 | 3 | 0 | 0 | 30 | 71 | 85.67 | 0 | 0 |
| Current Events | 0 | 2 | 0 | 0 | 20 | 89 | 112.50 | 0 | 1 |
| Social Science | 0 | 2 | 0 | 0 | 20 | 62 | 72.00 | 1 | 1 |
| History - American History | 0 | 1 | 0 | 0 | 10 | 132 | 132.00 | 0 | 0 |
| Literature - American Literature | 0 | 1 | 0 | 0 | 10 | 132 | 132.00 | 0 | 0 |
| Literature - European Literature | 0 | 1 | 0 | 0 | 10 | 103 | 103.00 | 0 | 1 |
| Fine Arts - Other Fine Arts | 0 | 1 | 0 | 1 | 10 | 148 | 148.00 | 0 | 0 |
| Other Academic | 0 | 1 | 0 | 0 | 10 | 104 | 104.00 | 0 | 0 |
| Fine Arts - Classical Music | 0 | 1 | 0 | 0 | 10 | 130 | 130.00 | 0 | 0 |
| Science - Biology | 0 | 1 | 0 | 0 | 10 | 136 | 136.00 | 0 | 0 |
| Science - Chemistry | 0 | 1 | 0 | 0 | 10 | 105 | 105.00 | 0 | 0 |
| Literature - British Literature | 0 | 0 | 1 | 0 | -5 | 0.00 | 0 | 0 |